[Event "Zagreb GCT Blitz"]
[Site "Zagreb"]
[Date "2021.07.11"]
[Round "18"]
[White "Nepomniachtchi, Ian"]
[Black "Kasparov, Garry"]
[Result "1/2-1/2"]
[WhiteElo "2792"]
[BlackElo "2812"]
[PlyCount "60"]
[EventDate "2021.07.10"]
[EventType "tourn (blitz)"]
[EventRounds "18"]
[EventCountry "CRO"]
[EventCategory "21"]
[SourceTitle "CBM 203 Extra"]
[Source "ChessBase"]
[SourceDate "2021.09.30"]
[SourceVersion "1"]
[SourceVersionDate "2021.09.30"]
[SourceQuality "1"]

1. c4 b6 2. Nc3 e6 3. e4 Bb7 4. Nf3 Bb4 5. Bd3 Bxc3 6. dxc3 d6 7. Nd4 Nd7 8. b3 Nc5 9. f3 Nxd3+ 10. Qxd3 Ne7 11. Bg5 Qd7 12. a4 f6 13. Bh4 e5 14. Nc2 g5 15. Bf2 f5 16. Ne3 f4 17. Nd5 Nxd5 18. cxd5 a5 19. Qb5 Ba6 20. Qxd7+ Kxd7 21. c4 h5 22. h3 Ke7 23. Ke2 Bc8 24. Rag1 Bd7 25. g3 Rag8 26. gxf4 gxf4 27. h4 Kf7 28. Kd2 Ke7 29. Ke2 Kf7 30. Kd2 Ke7 1/2-1/2

[Event "Zagreb GCT Blitz"]
[Site "Zagreb"]
[Date "2021.07.10"]
[Round "1"]
[White "Van Foreest, Jorden"]
[Black "Kasparov, Garry"]
[Result "1-0"]
[WhiteElo "2688"]
[BlackElo "2812"]
[PlyCount "49"]
[EventDate "2021.07.10"]
[EventType "tourn (blitz)"]
[EventRounds "18"]
[EventCountry "CRO"]
[EventCategory "21"]
[SourceTitle "CBM 203 Extra"]
[Source "ChessBase"]
[SourceDate "2021.09.30"]
[SourceVersion "1"]
[SourceVersionDate "2021.09.30"]
[SourceQuality "1"]

1. e4 c5 2. Nf3 d6 3. d4 cxd4 4. Nxd4 Nf6 5. Nc3 a6 6. Bg5 e6 7. f4 Qc7 8. Bxf6 gxf6 9. Qf3 b5 10. a3 Nc6 11. Nxc6 Qxc6 12. f5 Qc5 13. Be2 Ra7 14. 0-0-0 Qe5 15. Rhf1 Rc7 16. Kb1 h5 17. h4 Be7 18. Qe3 Qc5 19. Qg3 Kf8 20. fxe6 fxe6 21. Qg6 Qe5 22. Rd3 Bd8 23. Rg3 Rf7 24. Rg5 Qd4 25. Bxh5 1-0

[Event "Saint Louis Blitz"]
[Site "Saint Louis"]
[Date "2017.08.18"]
[Round "13"]
[White "Kasparov, Garry"]
[Black "Nakamura, Hikaru"]
[Result "1-0"]
[WhiteElo "2812"]
[BlackElo "2792"]
[PlyCount "87"]
[EventDate "2017.08.17"]
[EventType "tourn (blitz)"]
[EventRounds "9"]
[EventCountry "USA"]
[EventCategory "22"]
[SourceTitle "CBM 180"]
[Source "ChessBase"]
[SourceDate "2017.09.13"]
[SourceVersion "1"]
[SourceVersionDate "2017.09.13"]
[SourceQuality "1"]

1. d4 Nf6 2. c4 e6 3. Nc3 Bb4 4. Qc2 0-0 5. a3 Bxc3+ 6. Qxc3 d5 7. Nf3 dxc4 8. Qxc4 b6 9. h4 c5 10. dxc5 bxc5 11. h5 h6 12. g4 Qd5 13. Qxd5 Nxd5 14. g5 hxg5 15. Bxg5 f6 16. Bd2 Nc6 17. Rc1 Nd4 18. Rxc5 Nxf3+ 19. exf3 Bd7 20. Rh4 Rfb8 21. b4 a6 22. Rd4 Bb5 23. Bg2 Re8 24. f4 f5 25. Bf3 Kh7 26. Bc3 Re7 27. Kd2 Rd8 28. Bxd5 exd5 29. Rdxd5 Rxd5+ 30. Rxd5 Rd7 31. Rxd7 Bxd7 32. Ke3 g6 33. h6 Kxh6 34. Kd4 Kh5 35. Kc5 Kg4 36. Bd2 Kf3 37. Kb6 Bb5 38. a4 Bf1 39. b5 axb5 40. axb5 Kxf2 41. Kc6 Ke2 42. Bc1 Kd1 43. Ba3 Kd2 44. Be7 1-0

[Event "Saint Louis Blitz"]
[Site "Saint Louis"]
[Date "2017.08.17"]
[Round "7"]
[White "Kasparov, Garry"]
[Black "Aronian, Levon"]
[Result "0-1"]
[WhiteElo "2812"]
[BlackElo "2799"]
[PlyCount "72"]
[EventDate "2017.08.17"]
[EventType "tourn (blitz)"]
[EventRounds "9"]
[EventCountry "USA"]
[EventCategory "22"]
[SourceTitle "CBM 180"]
[Source "ChessBase"]
[SourceDate "2017.09.13"]
[SourceVersion "1"]
[SourceVersionDate "2017.09.13"]
[SourceQuality "1"]

1. d4 Nf6 2. c4 e6 3. Nc3 Bb4 4. Qc2 0-0 5. a3 Bxc3+ 6. Qxc3 d5 7. Nf3 dxc4 8. Qxc4 b6 9. h4 Bb7 10. Bg5 Qd5 11. Rc1 Nbd7 12. Qxd5 Bxd5 13. Ne5 c5 14. Bxf6 Nxf6 15. dxc5 bxc5 16. f3 Rab8 17. e4 Ba2 18. Rc2 Bb1 19. Rd2 Rfd8 20. Rxd8+ Rxd8 21. Bb5 Nh5 22. g4 Nf4 23. Kf2 f6 24. Nc6 Rd2+ 25. Ke3 Rxb2 26. Kxf4 Rxb5 27. Rd1 h6 28. h5 Rb3 29. e5 Bd3 30. a4 c4 31. Nxa7 Ra3 32. Nb5 Rxa4 33. Ke3 fxe5 34. Nd6 Ra3 35. Kf2 Kf8 36. Nb5 Rb3 0-1

[Event "Saint Louis Blitz"]
[Site "Saint Louis"]
[Date "2017.08.17"]
[Round "9"]
[White "Navara, David"]
[Black "Kasparov, Garry"]
[Result "1/2-1/2"]
[WhiteElo "2737"]
[BlackElo "2812"]
[PlyCount "64"]
[EventDate "2017.08.17"]
[EventType "tourn (blitz)"]
[EventRounds "9"]
[EventCountry "USA"]
[EventCategory "22"]
[SourceTitle "CBM 180"]
[Source "ChessBase"]
[SourceDate "2017.09.13"]
[SourceVersion "1"]
[SourceVersionDate "2017.09.13"]
[SourceQuality "1"]

1. e4 c5 2. Nf3 d6 3. d4 cxd4 4. Nxd4 Nf6 5. Nc3 a6 6. h3 e6 7. g4 Nfd7 8. Be3 b5 9. a3 Bb7 10. g5 Nb6 11. h4 N8d7 12. Qd2 Rc8 13. 0-0-0 d5 14. exd5 b4 15. axb4 Bxd5 16. Nxd5 Nxd5 17. Bxa6 Bxb4 18. Qe2 0-0 19. Bxc8 Qxc8 20. Nb3 Qc6 21. Rxd5 exd5 22. Rd1 Ne5 23. Bc5 Bxc5 24. Qxe5 Bxf2 25. Qxd5 Qxd5 26. Rxd5 Bxh4 27. c4 f5 28. gxf6 Bxf6 29. Nc5 Rc8 30. b4 Be7 31. Kd2 Bxc5 32. bxc5 Kf7 1/2-1/2

[Event "Saint Louis Rapid"]
[Site "Saint Louis"]
[Date "2017.08.15"]
[Round "6"]
[White "Anand, Viswanathan"]
[Black "Kasparov, Garry"]
[Result "1/2-1/2"]
[WhiteElo "2783"]
[BlackElo "2812"]
[PlyCount "62"]
[EventDate "2017.08.14"]
[EventType "tourn (rapid)"]
[EventRounds "9"]
[EventCountry "USA"]
[EventCategory "21"]
[SourceTitle "CBM 180"]
[Source "ChessBase"]
[SourceDate "2017.09.13"]
[SourceVersion "1"]
[SourceVersionDate "2017.09.13"]
[SourceQuality "1"]

1. e4 c5 2. Nf3 d6 3. Bb5+ Nd7 4. d4 cxd4 5. Qxd4 a6 6. Bxd7+ Bxd7 7. Nc3 e5 8. Qd3 h6 9. Nd2 Be6 10. Nc4 Rc8 11. Ne3 Nf6 12. 0-0 Be7 13. Rd1 0-0 14. Bd2 Rc5 15. a4 Qc8 16. Be1 Rd8 17. b4 Rc7 18. a5 Bc4 19. Qd2 d5 20. Ncxd5 Nxd5 21. exd5 Bg5 22. d6 Rcd7 23. Qc3 Bxe3 24. Qxe3 Rxd6 25. Rxd6 Rxd6 26. Qxe5 Qc6 27. Qc5 Qxc5 28. bxc5 Re6 29. Bc3 Bd5 30. Re1 Rxe1+ 31. Bxe1 f6 1/2-1/2

[Event "Saint Louis Rapid"]
[Site "Saint Louis"]
[Date "2017.08.15"]
[Round "4"]
[White "Aronian, Levon"]
[Black "Kasparov, Garry"]
[Result "1/2-1/2"]
[WhiteElo "2799"]
[BlackElo "2812"]
[PlyCount "84"]
[EventDate "2017.08.14"]
[EventType "tourn (rapid)"]
[EventRounds "9"]
[EventCountry "USA"]
[EventCategory "21"]
[SourceTitle "CBM 180"]
[Source "ChessBase"]
[SourceDate "2017.09.13"]
[SourceVersion "1"]
[SourceVersionDate "2017.09.13"]
[SourceQuality "1"]

1. d4 Nf6 2. Bf4 c5 3. dxc5 Nc6 4. Nc3 e5 5. Bg5 Bxc5 6. e3 Bb4 7. Nge2 d5 8. a3 Bxc3+ 9. Nxc3 Be6 10. Bb5 d4 11. Bxf6 Qxf6 12. Ne4 Qg6 13. Ng3 0-0 14. Qd3 Qxd3 15. Bxd3 f5 16. 0-0-0 dxe3 17. fxe3 a6 18. Ne2 e4 19. Nf4 exd3 20. Nxe6 dxc2 21. Kxc2 Rf7 22. Rhe1 Re8 23. Nf4 Rfe7 24. Nd5 Re5 25. Rd3 Kf7 26. g3 g5 27. Red1 Rd8 28. b4 Ree8 29. Rc3 Re6 30. Rc5 Re5 31. Rd3 Rd7 32. Nc3 Rxd3 33. Kxd3 Rxc5 34. bxc5 Ke6 35. e4 Ne5+ 36. Ke2 Nd7 37. exf5+ Kxf5 38. Kd3 Nxc5+ 39. Kd4 Nd7 40. Ne4 Kg4 41. h3+ Kxh3 42. Nxg5+ Kxg3 1/2-1/2

[Event "Saint Louis Rapid"]
[Site "Saint Louis"]
[Date "2017.08.14"]
[Round "3"]
[White "Kasparov, Garry"]
[Black "Dominguez Perez, Leinier"]
[Result "1/2-1/2"]
[WhiteElo "2812"]
[BlackElo "2739"]
[PlyCount "57"]
[EventDate "2017.08.14"]
[EventType "tourn (rapid)"]
[EventRounds "9"]
[EventCountry "USA"]
[EventCategory "21"]
[SourceTitle "CBM 180"]
[Source "ChessBase"]
[SourceDate "2017.09.13"]
[SourceVersion "1"]
[SourceVersionDate "2017.09.13"]
[SourceQuality "1"]

1. c4 e6 2. Nc3 d5 3. d4 Nf6 4. Bg5 Be7 5. e3 h6 6. Bh4 0-0 7. Qc2 c5 8. dxc5 Nbd7 9. cxd5 Nxd5 10. Bxe7 Qxe7 11. Nxd5 exd5 12. Nf3 Nxc5 13. Be2 Bg4 14. 0-0 Rac8 15. Rfd1 Rfd8 16. h3 Ne6 17. Qa4 Bh5 18. Rd2 d4 19. Qxa7 Bxf3 20. Bxf3 Qb4 21. Rad1 Rc1 22. Rxc1 Qxd2 23. Rd1 Qxb2 24. Qxb7 Qxa2 25. Qb1 Qxb1 26. Rxb1 dxe3 27. fxe3 Ng5 28. h4 Nxf3+ 29. gxf3 1/2-1/2

[Event "Saint Louis Rapid"]
[Site "Saint Louis"]
[Date "2017.08.14"]
[Round "1"]
[White "Kasparov, Garry"]
[Black "Karjakin, Sergey"]
[Result "1/2-1/2"]
[WhiteElo "2812"]
[BlackElo "2773"]
[PlyCount "88"]
[EventDate "2017.08.14"]
[EventType "tourn (rapid)"]
[EventRounds "9"]
[EventCountry "USA"]
[EventCategory "21"]
[SourceTitle "CBM 180"]
[Source "ChessBase"]
[SourceDate "2017.09.13"]
[SourceVersion "1"]
[SourceVersionDate "2017.09.13"]
[SourceQuality "1"]

1. d4 Nf6 2. c4 e6 3. Nc3 Bb4 4. Qc2 d5 5. cxd5 Qxd5 6. Nf3 Qf5 7. Qb3 Nc6 8. Bd2 0-0 9. h3 a5 10. g4 Qg6 11. a3 a4 12. Qc4 Bxc3 13. Bxc3 Nd5 14. Bd2 f6 15. Rc1 Bd7 16. Qc2 Qxc2 17. Rxc2 Be8 18. e3 Bg6 19. Rc5 Be4 20. Be2 e5 21. 0-0 exd4 22. Nxd4 Nxd4 23. exd4 c6 24. Re1 Bg6 25. Bf1 Bf7 26. f4 Rfd8 27. f5 Rd7 28. Ra5 Rxa5 29. Bxa5 g6 30. fxg6 hxg6 31. Bd2 g5 32. Bd3 Kg7 33. Bc2 b5 34. Bf5 Rd8 35. Kf2 Bg6 36. Be6 Bf7 37. Bf5 Bg6 38. Be6 Nf4 39. Bxf4 gxf4 40. Rd1 Be4 41. h4 Kg6 42. Re1 Bc2 43. Rc1 Be4 44. Re1 Bc2 1/2-1/2

[Event "Saint Louis Rapid"]
[Site "Saint Louis"]
[Date "2017.08.14"]
[Round "2"]
[White "Nakamura, Hikaru"]
[Black "Kasparov, Garry"]
[Result "1/2-1/2"]
[WhiteElo "2792"]
[BlackElo "2812"]
[PlyCount "154"]
[EventDate "2017.08.14"]
[EventType "tourn (rapid)"]
[EventRounds "9"]
[EventCountry "USA"]
[EventCategory "21"]
[SourceTitle "CBM 180"]
[Source "ChessBase"]
[SourceDate "2017.09.13"]
[SourceVersion "1"]
[SourceVersionDate "2017.09.13"]
[SourceQuality "1"]

1. d4 Nf6 2. c4 g6 3. Nc3 d5 4. Bg5 Bg7 5. Bxf6 Bxf6 6. cxd5 c6 7. e4 0-0 8. Nf3 cxd5 9. e5 Bg7 10. Qd2 Nc6 11. Bb5 Bg4 12. Ng1 f6 13. h3 Be6 14. exf6 Rxf6 15. Bxc6 bxc6 16. Nge2 Qd6 17. 0-0 Raf8 18. Rae1 Bc8 19. Na4 e5 20. dxe5 Qxe5 21. b4 Re6 22. Nc5 Ree8 23. Nb3 Qb2 24. Qxb2 Bxb2 25. Ned4 Rxe1 26. Rxe1 Bd7 27. Re2 Bc3 28. Rc2 Bxb4 29. Nxc6 Bd6 30. Nxa7 Re8 31. g4 h5 32. f3 Re1+ 33. Kg2 Kf7 34. Nc6 h4 35. Ncd4 Rd1 36. Rd2 Rxd2+ 37. Nxd2 Kf6 38. Kf2 Ke5 39. Ke3 g5 40. f4+ gxf4+ 41. Kd3 Be7 42. N2f3+ Kd6 43. Nf5+ Bxf5+ 44. gxf5 Kc5 45. Nd4 Kd6 46. a4 Bd8 47. Ne6 Bb6 48. Nxf4 Ke5 49. f6 Bc5 50. f7 Kf6 51. Nxd5+ Kxf7 52. Ke4 Ke6 53. Nf4+ Kd6 54. Ng2 Bf2 55. Kf3 Bg3 56. Kg4 Kc5 57. Nxh4 Bf2 58. Nf5 Kb4 59. Ng3 Kxa4 60. h4 Kb5 61. h5 Be3 62. Ne4 Kc6 63. Ng5 Kd7 64. h6 Ke7 65. h7 Bd4 66. Kf5 Ba1 67. Kg6 Bb2 68. Nf7 Ba1 69. Nh6 Bh8 70. Ng4 Ba1 71. Ne3 Bh8 72. Nd5+ Ke6 73. Nf4+ Ke7 74. Nh3 Ke6 75. Ng5+ Ke7 76. Nf7 Ba1 77. h8Q Bxh8 1/2-1/2

[Event "Moenchengladbach sim"]
[Site "Moenchengladbach"]
[Date "2016.06.02"]
[Round "1.7"]
[White "Kasparov, Garry"]
[Black "Alonso, Jose Antonio"]
[Result "1-0"]
[WhiteElo "2812"]
[BlackElo "1906"]
[PlyCount "55"]
[EventDate "2016.06.02"]
[EventType "simul"]
[EventRounds "1"]
[EventCountry "GER"]
[SourceTitle "CBM 172 Extra"]
[Source "ChessBase"]
[SourceDate "2016.06.21"]
[SourceVersion "1"]
[SourceVersionDate "2016.06.21"]
[SourceQuality "1"]

1. e4 e5 2. Nf3 Nf6 3. Nxe5 d6 4. Nf3 Nxe4 5. d3 Nf6 6. d4 c6 7. Bd3 Be7 8. h3 h6 9. 0-0 Be6 10. Re1 Qc7 11. c4 Nbd7 12. Nc3 Nb6 13. b3 0-0-0 14. a4 a5 15. d5 cxd5 16. Nb5 Qd7 17. Be3 Na8 18. cxd5 Bxd5 19. Rc1+ Bc6 20. Qd2 Nd5 21. Qxa5 Ndc7 22. Nxc7 Nxc7 23. Bf5 Ne6 24. Bb6 Qe8 25. Nd4 Bg5 26. Qa8+ Kd7 27. Qxb7+ Bxb7 28. Rc7# 1-0

[Event "Saint Louis Ultimate Blitz Challenge"]
[Site "Saint Louis"]
[Date "2016.04.29"]
[Round "11"]
[White "Kasparov, Garry"]
[Black "Nakamura, Hikaru"]
[Result "1/2-1/2"]
[WhiteElo "2812"]
[BlackElo "2787"]
[PlyCount "139"]
[EventDate "2016.04.28"]
[EventType "tourn (blitz)"]
[EventRounds "18"]
[EventCountry "USA"]
[EventCategory "22"]
[SourceTitle "CBM 172 Extra"]
[Source "ChessBase"]
[SourceDate "2016.06.21"]
[SourceVersion "1"]
[SourceVersionDate "2016.06.21"]
[SourceQuality "1"]

1. e4 e5 2. Nf3 Nc6 3. d4 exd4 4. Nxd4 Bc5 5. Be3 Qf6 6. c3 Nge7 7. Bc4 Ne5 8. Be2 d6 9. 0-0 Qg6 10. Kh1 Qxe4 11. Nd2 Qg6 12. Nb5 0-0 13. Nxc7 Rb8 14. Bh5 Qf5 15. f4 Ng4 16. Bxg4 Qxg4 17. Nc4 Qd7 18. Bxc5 dxc5 19. Qxd7 Bxd7 20. Rad1 Bg4 21. Rde1 Nc6 22. f5 Rbc8 23. Nb5 f6 24. Nbd6 Rc7 25. a4 Bh5 26. Re4 Rd8 27. Rfe1 Rcd7 28. g4 Bf7 29. Nxf7 Kxf7 30. Kg2 a6 31. a5 g6 32. Rf1 gxf5 33. Rxf5 Rd5 34. Rf3 Kg7 35. Re6 Rf8 36. h3 Nd8 37. Re2 Nc6 38. Re6 Nd8 39. Re7+ Rf7 40. Re8 Nc6 41. Kg3 Re7 42. Rc8 Rd8 43. Rxd8 Nxd8 44. Nd6 Re6 45. Rd3 Kf8 46. Nf5 Nc6 47. Rd7 Nxa5 48. Rxh7 Rb6 49. h4 Nc4 50. h5 Ne5 51. h6 Kg8 52. Rg7+ Kh8 53. Re7 Ng6 54. Rc7 Rxb2 55. Rc8+ Kh7 56. Rc7+ Kh8 57. Rxc5 Rd2 58. Rc8+ Kh7 59. Rc7+ Kh8 60. Rxb7 a5 61. c4 a4 62. c5 a3 63. Ra7 Rd3+ 64. Kf2 Rc3 65. Ra8+ Kh7 66. Ra7+ Kh8 67. c6 Ne5 68. c7 a2 69. Rxa2 Nxg4+ 70. Kg2 1/2-1/2

[Event "Saint Louis Ultimate Blitz Challenge"]
[Site "Saint Louis"]
[Date "2016.04.29"]
[Round "14"]
[White "Nakamura, Hikaru"]
[Black "Kasparov, Garry"]
[Result "1/2-1/2"]
[WhiteElo "2787"]
[BlackElo "2812"]
[PlyCount "98"]
[EventDate "2016.04.28"]
[EventType "tourn (blitz)"]
[EventRounds "18"]
[EventCountry "USA"]
[EventCategory "22"]
[SourceTitle "CBM 172 Extra"]
[Source "ChessBase"]
[SourceDate "2016.06.21"]
[SourceVersion "1"]
[SourceVersionDate "2016.06.21"]
[SourceQuality "1"]

1. d4 Nf6 2. c4 g6 3. f3 c5 4. d5 d6 5. Nc3 e6 6. e4 Bg7 7. Nge2 exd5 8. cxd5 a6 9. a4 Nbd7 10. Ng3 h5 11. Be2 h4 12. Nf1 Nh5 13. Be3 f5 14. exf5 gxf5 15. Nd2 Ne5 16. f4 Ng4 17. Nc4 0-0 18. 0-0 Ng3 19. hxg3 hxg3 20. Bxg4 fxg4 21. Ne4 Qh4 22. Nxg3 Qxg3 23. Qe1 Qxe1 24. Raxe1 Bd7 25. Nxd6 Bxa4 26. Bxc5 b6 27. Ba3 Bb3 28. Kh2 Bxd5 29. Kg3 b5 30. Rd1 Ba2 31. Kxg4 Rab8 32. Bc5 b4 33. Rd2 a5 34. Ra1 b3 35. Re1 Rxf4+ 36. Kxf4 Bh6+ 37. Kg4 Bxd2 38. Re7 Bb4 39. Bxb4 Rxb4+ 40. Kg5 Bb1 41. Ra7 a4 42. Ne8 Kf8 43. Nf6 Rd4 44. g4 Rd2 45. Rxa4 Rxb2 46. Rb4 Kf7 47. Nd5 Rd2 48. Rb7+ Kf8 49. Rb8+ Kf7 1/2-1/2

[Event "Saint Louis Ultimate Blitz Challenge"]
[Site "Saint Louis"]
[Date "2016.04.29"]
[Round "16"]
[White "So, Wesley"]
[Black "Kasparov, Garry"]
[Result "1/2-1/2"]
[WhiteElo "2773"]
[BlackElo "2812"]
[PlyCount "91"]
[EventDate "2016.04.28"]
[EventType "tourn (blitz)"]
[EventRounds "18"]
[EventCountry "USA"]
[EventCategory "22"]
[SourceTitle "CBM 172 Extra"]
[Source "ChessBase"]
[SourceDate "2016.06.21"]
[SourceVersion "1"]
[SourceVersionDate "2016.06.21"]
[SourceQuality "1"]

1. Nf3 g6 2. e4 Bg7 3. d4 d6 4. c4 Bg4 5. Be2 Nc6 6. Nbd2 e5 7. d5 Nce7 8. 0-0 Nf6 9. c5 0-0 10. cxd6 cxd6 11. h3 Bd7 12. Re1 b5 13. Bf1 Nc8 14. b3 Rb8 15. a4 a6 16. axb5 axb5 17. Ba3 Ne8 18. Bb4 f5 19. Ra6 Bh6 20. exf5 Bxf5 21. g4 Bd7 22. Ne4 Bf4 23. Bg2 Qe7 24. Qc2 Kh8 25. Qb2 Kg8 26. Qa3 h5 27. Nxd6 Ncxd6 28. Bxd6 Nxd6 29. Qxd6 Qxd6 30. Rxd6 hxg4 31. hxg4 e4 32. Rxd7 exf3 33. Bxf3 Bd2 34. Re2 Rxf3 35. Rxd2 Rxb3 36. d6 Rf3 37. Rc7 b4 38. Kg2 Rff8 39. Re2 Rfd8 40. Re6 b3 41. Rxg6+ Kh8 42. Rh6+ Kg8 43. Rg6+ Kf8 44. Rh6 Kg8 45. Rg6+ Kf8 46. Rh6 1/2-1/2

[Event "Sinquefield Cup Ultimate Moves"]
[Site "Saint Louis"]
[Date "2015.09.04"]
[Round "?"]
[White "Seirawan, Yasser"]
[Black "Kasparov, Garry"]
[Result "1/2-1/2"]
[WhiteElo "2620"]
[BlackElo "2812"]
[PlyCount "80"]
[EventDate "2015.09.04"]
[EventType "game (blitz)"]
[EventCountry "USA"]
[SourceTitle "EXT 2020"]
[Source "ChessBase"]
[SourceDate "2019.10.17"]
[SourceVersion "1"]
[SourceVersionDate "2019.10.17"]
[SourceQuality "1"]

1. d4 Nf6 2. c4 g6 3. Nc3 Bg7 4. e4 d6 5. f3 0-0 6. Be3 Nbd7 7. Nh3 a6 8. Nf2 c6 9. c5 b5 10. cxb6 Nxb6 11. Rc1 Be6 12. b3 a5 13. Be2 a4 14. Nxa4 Nxa4 15. bxa4 Qa5+ 16. Qd2 Qxa4 17. 0-0 Rfb8 18. Rc2 Bxa2 19. Rfc1 Rb1 20. Qc3 c5 21. Rxb1 Bxb1 22. Rc1 Nd7 23. Rd1 Bc2 24. Rd2 Qa1+ 25. Qxa1 Rxa1+ 26. Bf1 Bb3 27. dxc5 Bc4 28. Rd1 Rxd1 29. Nxd1 Bxf1 30. Kxf1 dxc5 31. Ke2 e6 32. f4 Kf8 33. e5 f6 34. exf6 Bxf6 35. Nf2 Ke7 36. Ne4 c4 37. Nd2 c3 38. Ne4 e5 39. Nxc3 exf4 40. Nd5+ Kf7 1/2-1/2

[Event "Pula sim"]
[Site "Pula"]
[Date "2015.08.19"]
[Round "1.1"]
[White "Kasparov, Garry"]
[Black "Ghersinich, Enrico"]
[Result "1-0"]
[WhiteElo "2812"]
[BlackElo "1779"]
[PlyCount "63"]
[EventDate "2015.08.19"]
[EventType "simul"]
[EventRounds "1"]
[EventCountry "CRO"]
[SourceTitle "EXT 2016"]
[Source "ChessBase"]
[SourceDate "2015.10.08"]
[SourceVersion "1"]
[SourceVersionDate "2015.10.08"]
[SourceQuality "1"]

1. d4 c5 2. d5 e6 3. e4 exd5 4. exd5 d6 5. Nf3 Nf6 6. c4 Bg4 7. Be2 g6 8. Qb3 Qc7 9. 0-0 Bg7 10. Qe3+ Qe7 11. Nc3 a6 12. Qxe7+ Kxe7 13. Re1 Re8 14. Bf4 Nh5 15. Bd1+ Kd7 16. Rxe8 Kxe8 17. Bxd6 Nd7 18. Ng5 Bxd1 19. Rxd1 h6 20. Re1+ Be5 21. Bxe5 hxg5 22. g4 f6 23. Bd6+ Kd8 24. gxh5 gxh5 25. Re7 b5 26. Rh7 Kc8 27. Ne4 bxc4 28. Nxc5 Nxc5 29. Bxc5 Rb8 30. Rh8+ Kb7 31. Rxb8+ Kxb8 32. Be7 1-0

[Event "Pula sim"]
[Site "Pula"]
[Date "2015.08.19"]
[Round "1.3"]
[White "Kasparov, Garry"]
[Black "Lovric, Dino"]
[Result "1-0"]
[WhiteElo "2812"]
[BlackElo "1696"]
[PlyCount "71"]
[EventDate "2015.08.19"]
[EventType "simul"]
[EventRounds "1"]
[EventCountry "CRO"]
[SourceTitle "EXT 2016"]
[Source "ChessBase"]
[SourceDate "2015.10.08"]
[SourceVersion "1"]
[SourceVersionDate "2015.10.08"]
[SourceQuality "1"]

1. d4 f5 2. Nc3 Nf6 3. Bg5 e6 4. e4 fxe4 5. Nxe4 Be7 6. Bxf6 Bxf6 7. Qh5+ g6 8. Qh6 d5 9. Nxf6+ Qxf6 10. Nf3 Nd7 11. 0-0-0 a6 12. h4 Qf8 13. Qe3 Nf6 14. Ne5 Qg7 15. Be2 Rf8 16. Kb1 Ne4 17. Bf3 Nf6 18. h5 g5 19. h6 Qe7 20. Qxg5 Rg8 21. Bh5+ Kd8 22. Qf4 Bd7 23. g4 Be8 24. Bxe8 Kxe8 25. g5 Nd7 26. Nd3 Rc8 27. Rhg1 Rg6 28. Qe3 c5 29. Nf4 Nf8 30. Nxg6 Nxg6 31. dxc5 Rxc5 32. f4 Nh4 33. g6 Nxg6 34. Rxg6 hxg6 35. h7 Qxh7 36. Qxc5 1-0

[Event "Saint Louis Legends rapid m"]
[Site "Saint Louis"]
[Date "2015.04.25"]
[Round "1"]
[White "Kasparov, Garry"]
[Black "Short, Nigel D"]
[Result "1/2-1/2"]
[WhiteElo "2812"]
[BlackElo "2664"]
[PlyCount "86"]
[EventDate "2015.04.25"]
[EventType "match (rapid)"]
[EventRounds "2"]
[EventCountry "USA"]
[SourceTitle "CBM 166 Extra"]
[Source "ChessBase"]
[SourceDate "2015.06.18"]
[SourceVersion "1"]
[SourceVersionDate "2015.06.18"]
[SourceQuality "1"]

1. d4 e6 2. Nf3 Nf6 3. c4 Bb4+ 4. Nbd2 c5 5. a3 Bxd2+ 6. Qxd2 cxd4 7. Nxd4 0-0 8. e3 d5 9. cxd5 Qxd5 10. Nb5 Qc6 11. f3 a6 12. Nc3 e5 13. e4 Nbd7 14. Qf2 Nc5 15. Be3 Nb3 16. Rd1 Be6 17. Be2 Rfd8 18. 0-0 Ne8 19. Qg3 f6 20. f4 Nd4 21. Bh5 Bc4 22. fxe5 Bxf1 23. Rxf1 Kh8 24. Nd5 Rxd5 25. exd5 Qxd5 26. Qf2 fxe5 27. Qf8+ Qg8 28. Qe7 Nf6 29. Rxf6 gxf6 30. Bh6 Nf5 31. Qxf6+ Ng7 32. Qxe5 Rc8 33. Bf3 Qf7 34. h3 b5 35. Be4 Re8 36. Qd4 Qe7 37. b4 Qe5 38. Qd7 Qa1+ 39. Kh2 Rxe4 40. Bxg7+ Qxg7 41. Qd8+ Qg8 42. Qf6+ Qg7 43. Qd8+ Qg8 1/2-1/2